Die Macht der Worte im politischen Diskurs: Sprache als Instrument der Manipulation
Jazyk je najdôležitejším nástrojom politika. Slúži ako komunikačné médium a je základným nástrojom na formovanie reality a ovplyvňovanie spoločenského diskurzu. Táto práca sa zameriava na mechanizmy manipulácie s jazykom v politickom diskurze. Analyzuje jazykové prostriedky na príklade metafory, kto...
Salvato in:
| Autore principale: | |
|---|---|
| Natura: | Capitolo di libro |
| Lingua: | tedesco |
| Soggetti: | |
| Tags: |
Nessun Tag, puoi essere il primo ad aggiungerne!!
|
MARC
| LEADER | 00000naa$a2200000$$$4500 | ||
|---|---|---|---|
| 001 | 0313471 | ||
| 005 | 20251215125403.2 | ||
| 041 | 0 | |a ger | |
| 044 | |a SK | ||
| 245 | 1 | 0 | |a Die Macht der Worte im politischen Diskurs: Sprache als Instrument der Manipulation |c Radoslav Štefančík |
| 520 | |a Jazyk je najdôležitejším nástrojom politika. Slúži ako komunikačné médium a je základným nástrojom na formovanie reality a ovplyvňovanie spoločenského diskurzu. Táto práca sa zameriava na mechanizmy manipulácie s jazykom v politickom diskurze. Analyzuje jazykové prostriedky na príklade metafory, ktorou politici zámerne označujú a dehumanizujú aktérov migračných procesov. Týmto spôsobom vytvárajú predpoklady na presadzovanie rôznych manipulatívnych naratívov. Text využíva metódu diskurzívnej analýzy, prostredníctvom ktorej identifikuje rôzne formy manipulácie v rámci slovenského migračného diskurzu. Práca ukazuje, ako jazyk nielen odráža spoločenské vzťahy, ale ich aj aktívne vytvára a reprodukuje. | ||
| 610 | 2 | 0 | |a diskusia |
| 610 | 2 | 0 | |a strany politické |
| 610 | 2 | 0 | |a komunikácia |
| 610 | 2 | 0 | |a voľby |
| 610 | 2 | 0 | |a marketing politický |
| 100 | 1 | |a Štefančík, Radoslav, 1976- | |